Normal view
MARC view
Entry Personal Name
001 - CONTROL NUMBER
- control field: 1802
003 - CONTROL NUMBER IDENTIFIER
- control field: OSt
005 - DATE AND TIME OF LATEST TRANSACTION
- control field: 20220918105515.0
008 - FIXED-LENGTH DATA ELEMENTS
- fixed length control field: 220918|| aca||aabn | a|a d
040 ## - CATALOGING SOURCE
- Original cataloging agency: OSt
- Transcribing agency: OSt
100 ## - HEADING--PERSONAL NAME
- Personal name: अयाचित, हनुमच्छास्त्री
670 ## - SOURCE DATA FOUND
- Source citation: Work cat.: (OSt)107681: अयाचित, हनुमच्छास्त्री, तेलुगु हिन्दी शब््दकोश, 1973
